000 00556nam a2200169Ia 4500
008 090201s9999 xx 000 0 und d
010 _aKPL-9799
040 _bमराठी
041 _aमराठी
082 _a43933
_b9799
100 _aबाबुराव बागुल
245 _aमरण स्वस्त होत आहे.
_cबाबुराव बागुल
260 _c2005
_bबा.ल.पाठक
300 _a216
_bमोठा
600 _aमरण स्वस्त होत आहे.
942 _cBOOK
999 _c240971
_d240971